| 000 | 01002cam a2200325 i 4500 | ||
|---|---|---|---|
| 001 | 45983 | ||
| 003 | KOSZ 005 | ||
| 005 | 20211216121123.0 | ||
| 008 | 050425s2005 pl f |000 0 pol d | ||
| 020 | _a8373660356 | ||
| 040 |
_cKOSZ 005/RW _aKOSZ 005/HR _dKOSZ 005/HR |
||
| 041 | 0 | _apol | |
| 046 | _k2005 | ||
| 080 | _a004.438 | ||
| 080 | _a004.045 | ||
| 080 | _a(07) | ||
| 100 | 1 |
_aGrębosz, Jerzy _eAutor |
|
| 245 | 1 | 0 |
_aSymfonia C++ : _bprogramowanie w języku C++ orientowane obiektowo. _nT. 1 / _cJerzy Grębosz. |
| 250 | _aWyd. 5 popr. | ||
| 260 |
_aKraków : _b"Kallimach", _c[2005]. |
||
| 300 |
_aXI, 257 s. ; _c24 cm. |
||
| 380 | _aKsiążki | ||
| 388 | _a2001- | ||
| 650 | 4 | _aC++ (język programowania) | |
| 650 | 4 | _aProgramowanie obiektowe | |
| 655 | 4 | _aPodręcznik | |
| 658 | _aInformatyka i technologie informacyjne | ||
| 856 |
_uhttp://koha.tu.koszalin.pl/cgi-bin/koha/opac-detail.pl?biblionumber=45983 _yKatalog online BPK |
||
| 942 |
_cKS _2UKD |
||
| 999 |
_c45983 _d45983 |
||